Sports Quiz

Random Sports Quiz

New Jersey/Brooklyn Nets Stat Leaders (2001-2019) Quiz Stats

 Plays Quiz not verified by Sporcle

Score 0/90 Timer 10:00
0 Plays Today
Year,stat Player % Correct
PTS (2011-2012)Deron Williams
96.2%
PTS (2017-2018)D'Angelo Russell
96.2%
PTS (2018-2019)D'Angelo Russell
96.2%
AST (2011-2012)Deron Williams
96.2%
AST (2013-2014)Deron Williams
96.2%
AST (2012-2013)Deron Williams
96.2%
AST (2014-2015)Deron Williams
96.2%
AST (2018-2019)D'Angelo Russell
96.2%
STL (2011-2012)Deron Williams
96.2%
STL (2013-2014)Deron Williams
96.2%
STL (2018-2019)D'Angelo Russell
96.2%
BLK (2007-2008)Sean Williams
96.2%
PTS (2002-2003)Jason Kidd
94.2%
PTS (2004-2005)Vince Carter
94.2%
PTS (2005-2006)Vince Carter
94.2%
PTS (2006-2007)Vince Carter
94.2%
REB (2004-2005)Jason Kidd
94.2%
REB (2005-2006)Jason Kidd
94.2%
REB (2006-2007)Jason Kidd
94.2%
REB (2007-2008)Jason Kidd
94.2%
AST (2001-2002)Jason Kidd
94.2%
AST (2002-2003)Jason Kidd
94.2%
AST (2004-2005)Jason Kidd
94.2%
AST (2003-2004)Jason Kidd
94.2%
AST (2005-2006)Jason Kidd
94.2%
AST (2007-2008)Jason Kidd
94.2%
AST (2006-2007)Jason Kidd
94.2%
STL (2001-2002)Jason Kidd
94.2%
STL (2003-2004)Jason Kidd
94.2%
STL (2002-2003)Jason Kidd
94.2%
Year,stat Player % Correct
STL (2004-2005)Jason Kidd
94.2%
STL (2005-2006)Jason Kidd
94.2%
STL (2007-2008)Jason Kidd
94.2%
STL (2006-2007)Jason Kidd
94.2%
REB (2017-2018)Rondae Hollis-Jefferson
88.5%
REB (2013-2014)Kevin Garnett
86.5%
STL (2014-2015)Kevin Garnett
86.5%
PTS (2009-2010)Brook Lopez
84.6%
PTS (2010-2011)Brook Lopez
84.6%
PTS (2012-2013)Brook Lopez
84.6%
PTS (2014-2015)Brook Lopez
84.6%
PTS (2016-2017)Brook Lopez
84.6%
PTS (2015-2016)Brook Lopez
84.6%
REB (2008-2009)Brook Lopez
84.6%
REB (2009-2010)Brook Lopez
84.6%
REB (2014-2015)Brook Lopez
84.6%
BLK (2008-2009)Brook Lopez
84.6%
BLK (2010-2011)Brook Lopez
84.6%
BLK (2009-2010)Brook Lopez
84.6%
BLK (2016-2017)Brook Lopez
84.6%
BLK (2014-2015)Brook Lopez
84.6%
BLK (2015-2016)Brook Lopez
84.6%
BLK (2012-2013)Brook Lopez
84.6%
PTS (2003-2004)Richard Jefferson
80.8%
PTS (2007-2008)Richard Jefferson
80.8%
BLK (2017-2018)Jarrett Allen
80.8%
BLK (2018-2019)Jarrett Allen
80.8%
PTS (2013-2014)Joe Johnson
76.9%
PTS (2008-2009)Devin Harris
73.1%
AST (2008-2009)Devin Harris
73.1%
Year,stat Player % Correct
AST (2009-2010)Devin Harris
73.1%
AST (2010-2011)Devin Harris
73.1%
AST (2017-2018)Spencer Dinwiddie
73.1%
STL (2008-2009)Devin Harris
73.1%
STL (2010-2011)Devin Harris
73.1%
PTS (2001-2002)Kenyon Martin
69.2%
REB (2002-2003)Kenyon Martin
69.2%
REB (2003-2004)Kenyon Martin
69.2%
BLK (2001-2002)Kenyon Martin
69.2%
BLK (2002-2003)Kenyon Martin
69.2%
BLK (2003-2004)Kenyon Martin
69.2%
REB (2018-2019)Ed Davis
57.7%
REB (2010-2011)Kris Humphries
50%
REB (2011-2012)Kris Humphries
50%
BLK (2011-2012)Kris Humphries
50%
REB (2012-2013)Reggie Evans
48.1%
STL (2017-2018)Caris LeVert
44.2%
REB (2001-2002)Keith Van Horn
40.4%
BLK (2004-2005)Jason Collins
40.4%
AST (2015-2016)Jarrett Jack
36.5%
REB (2015-2016)Thaddeus Young
34.6%
AST (2016-2017)Jeremy Lin
34.6%
STL (2015-2016)Thaddeus Young
34.6%
STL (2016-2017)Jeremy Lin
34.6%
BLK (2005-2006)Nenad Krstic
30.8%
STL (2012-2013)Gerald Wallace
28.8%
REB (2016-2017)Trevor Booker
21.2%
STL (2009-2010)Courtney Lee
19.2%
BLK (2006-2007)Mikki Moore
13.5%
BLK (2013-2014)Mason Plumlee
13.5%

You're not logged in!

Compare scores with friends on all Sporcle quizzes.
OR
Log In

Sporcle TV

Today on Sporcle TV


Watch our educational content, quiz creation guides, and fun videos on Sporcle TV.

Show Comments

Extras

Top Quizzes Today


Score Distribution

Your Account Isn't Verified!

In order to create a playlist on Sporcle, you need to verify the email address you used during registration. Go to your Sporcle Settings to finish the process.

Report this User

Report this user for behavior that violates our Community Guidelines.

Details: